[Event "Oberliga Nord W 1920"]
[Site "Germany"]
[Date "2020.02.09"]
[Round "6.3"]
[White "Mueer, Sebastian"]
[Black "Kaimer, Thomas"]
[Result "1-0"]
[WhiteElo "2194"]
[BlackElo "2154"]
[PlyCount "77"]
[EventDate "2019.09.29"]
[EventType "team-tourn"]
[EventRounds "9"]
[EventCountry "GER"]
[SourceTitle "CBM 195 Extra"]
[Source "ChessBase"]
[SourceDate "2020.05.31"]
[SourceVersion "1"]
[SourceVersionDate "2020.05.31"]
[SourceQuality "1"]

1. Nf3 Nf6 2. c4 g6 3. Nc3 c5 4. g3 Bg7 5. d4 cxd4 6. Nxd4 0-0 7. Bg2 Nc6 8. 0-0 Nxd4 9. Qxd4 d6 10. Qd3 Nd7 11. b3 Nc5 12. Qd2 Bd7 13. Bb2 Bc6 14. e4 Bxc3 15. Qxc3 f6 16. Rfe1 a5 17. Rad1 Qc7 18. Qe3 e5 19. h4 Rad8 20. Rd2 b6 21. h5 Be8 22. hxg6 hxg6 23. Bf3 Kg7 24. Kg2 Rh8 25. Rdd1 Bc6 26. Rh1 Qe7 27. a3 g5 28. b4 axb4 29. axb4 Na4 30. Ba3 b5 31. cxb5 Rxh1 32. bxc6 Rhh8 33. Bg4 Qc7 34. b5 Nb6 35. Bxd6 Rxd6 36. Rxd6 Nc4 37. Rd7+ Qxd7 38. Bxd7 Nxe3+ 39. fxe3 1-0

[Event "Oberliga Nord W 1920"]
[Site "Germany"]
[Date "2019.09.29"]
[Round "1.3"]
[White "Buchenau, Frank"]
[Black "Kaimer, Thomas"]
[Result "1-0"]
[WhiteElo "2264"]
[BlackElo "2142"]
[PlyCount "71"]
[EventDate "2019.09.29"]
[EventType "team-tourn"]
[EventRounds "9"]
[EventCountry "GER"]
[SourceTitle "CBM 195 Extra"]
[Source "ChessBase"]
[SourceDate "2020.05.31"]
[SourceVersion "1"]
[SourceVersionDate "2020.05.31"]
[SourceQuality "1"]

1. e4 c5 2. g3 Nc6 3. Bg2 g6 4. Ne2 Bg7 5. c3 d6 6. d4 cxd4 7. cxd4 Nf6 8. Nbc3 0-0 9. h3 Bd7 10. 0-0 Rb8 11. f4 b5 12. e5 Ne8 13. Be3 b4 14. Ne4 b3 15. axb3 a5 16. N2c3 Qb6 17. Ra3 Nb4 18. Qe2 Bc8 19. Rfa1 f5 20. Ng5 h6 21. Nf3 Nc7 22. Rxa5 d5 23. Nh4 Kh7 24. g4 Ba6 25. Qd1 Bd3 26. gxf5 Bxf5 27. Nxf5 Rxf5 28. h4 e6 29. Bh3 Rff8 30. R5a3 h5 31. Na4 Qb5 32. Nc5 Bh6 33. Ra7 Rf7 34. Nxe6 Rb7 35. Rxb7 Qxb7 36. Nd8 1-0

[Event "Oberliga Nord W 1819"]
[Site "Germany"]
[Date "2019.02.03"]
[Round "6.4"]
[White "Kaimer, Thomas"]
[Black "Nedic, Dusan"]
[Result "0-1"]
[WhiteElo "2159"]
[BlackElo "2320"]
[PlyCount "67"]
[EventDate "2018.10.21"]
[EventType "team-tourn"]
[EventRounds "9"]
[EventCountry "GER"]
[SourceTitle "EXT 2020"]
[Source "ChessBase"]
[SourceDate "2019.10.17"]
[SourceVersion "1"]
[SourceVersionDate "2019.10.17"]
[SourceQuality "1"]
[WhiteTeam "Hannover SF"]
[BlackTeam "Tostedt"]
[WhiteTeamCountry "GER"]
[BlackTeamCountry "GER"]

1. e4 e5 2. f4 d5 3. exd5 exf4 4. Nf3 Nf6 5. Bb5+ c6 6. dxc6 Nxc6 7. d4 Bd6 8. 0-0 0-0 9. c3 Bg4 10. Bd3 Re8 11. Nbd2 h6 12. Nc4 Bc7 13. Bd2 b5 14. Na3 a6 15. Nc2 Qd5 16. Qc1 g5 17. Nce1 Ne4 18. Qc2 Bb6 19. h4 Nxd2 20. Qxd2 Re7 21. hxg5 hxg5 22. g3 Re3 23. gxf4 gxf4 24. Qh2 Rxd3 25. Nxd3 Bxf3 26. Nxf4 Qg5+ 27. Kf2 Bg4 28. Rh1 Qg7 29. Rag1 Ne5 30. Qg3 Re8 31. Kf1 f5 32. dxe5 Bxg1 33. Kxg1 Qxe5 34. Rh8+ 0-1

[Event "Oberliga Nord W 1819"]
[Site "Germany"]
[Date "2019.01.20"]
[Round "5.4"]
[White "Hoerstmann, Martin"]
[Black "Kaimer, Thomas"]
[Result "1/2-1/2"]
[WhiteElo "2234"]
[BlackElo "2159"]
[PlyCount "39"]
[EventDate "2018.10.21"]
[EventType "team-tourn"]
[EventRounds "9"]
[EventCountry "GER"]
[SourceTitle "EXT 2020"]
[Source "ChessBase"]
[SourceDate "2019.10.17"]
[SourceVersion "1"]
[SourceVersionDate "2019.10.17"]
[SourceQuality "1"]
[WhiteTeam "Lister Turm"]
[BlackTeam "Hannover SF"]
[WhiteTeamCountry "GER"]
[BlackTeamCountry "GER"]

1. d4 Nf6 2. Nf3 d5 3. c4 e6 4. g3 Be7 5. Bg2 0-0 6. 0-0 c5 7. cxd5 Nxd5 8. e4 Nb6 9. Nc3 cxd4 10. Nxd4 Bf6 11. Ndb5 Nc6 12. Qb3 Bxc3 13. Nxc3 Nd4 14. Qd1 e5 15. b3 Be6 16. Bb2 f6 17. Ne2 Nc6 18. Nc3 Nd4 19. Qd3 Rf7 20. Nb5 1/2-1/2

[Event "Oberliga Nord W 1718"]
[Site "Germany"]
[Date "2018.01.21"]
[Round "5.5"]
[White "Kaimer, Thomas"]
[Black "Happe, Reinhold"]
[Result "1/2-1/2"]
[WhiteElo "2163"]
[BlackElo "2119"]
[PlyCount "48"]
[EventDate "2017.10.08"]
[EventType "team-tourn"]
[EventRounds "9"]
[EventCountry "GER"]
[SourceTitle "EXT 2019"]
[Source "ChessBase"]
[SourceDate "2018.10.10"]
[SourceVersion "1"]
[SourceVersionDate "2018.10.10"]
[SourceQuality "1"]
[WhiteTeam "Hannover"]
[BlackTeam "Hellern"]
[WhiteTeamCountry "GER"]
[BlackTeamCountry "GER"]

1. e4 e5 2. Nf3 Nc6 3. Bc4 Bc5 4. d3 Nf6 5. 0-0 d6 6. Bg5 h6 7. Be3 Bb6 8. c3 0-0 9. Re1 Be6 10. Nbd2 Bxe3 11. Rxe3 Bxc4 12. dxc4 Qd7 13. Nf1 Qe6 14. b3 Ne7 15. Ng3 g6 16. Ne1 Kg7 17. Nd3 Rad8 18. Qd2 Qg4 19. Rae1 Qg5 20. Nb4 Ng4 21. Rd3 Qxd2 22. Rxd2 Nf6 23. Red1 a5 24. Nd5 Nexd5 1/2-1/2

[Event "Oberliga Nord W 1718"]
[Site "Germany"]
[Date "2017.12.10"]
[Round "4.5"]
[White "Juhnke, Karl"]
[Black "Kaimer, Thomas"]
[Result "0-1"]
[WhiteElo "2142"]
[BlackElo "2163"]
[PlyCount "108"]
[EventDate "2017.10.08"]
[EventType "team-tourn"]
[EventRounds "9"]
[EventCountry "GER"]
[SourceTitle "EXT 2019"]
[Source "ChessBase"]
[SourceDate "2018.10.10"]
[SourceVersion "1"]
[SourceVersionDate "2018.10.10"]
[SourceQuality "1"]
[WhiteTeam "Bremer SG"]
[BlackTeam "Hannover"]
[WhiteTeamCountry "GER"]
[BlackTeamCountry "GER"]

1. d4 Nf6 2. c4 c5 3. d5 b5 4. cxb5 a6 5. bxa6 g6 6. Nc3 Bxa6 7. e4 Bxf1 8. Kxf1 d6 9. g3 Bg7 10. Kg2 0-0 11. Nf3 Nbd7 12. a4 Qb6 13. Qe2 Qb3 14. Bd2 Nb6 15. Qb5 Qxb5 16. axb5 Nc4 17. Ra6 Nd7 18. Rha1 Rab8 19. Ra7 Ndb6 20. Bc1 Nc8 21. R7a4 N8b6 22. R4a2 Nc8 23. Nd2 Nxd2 24. Bxd2 Bxc3 25. Bxc3 Rxb5 26. Ra8 f6 27. R8a6 Rb7 28. h4 Nb6 29. Ra7 Rfb8 30. Rxb7 Rxb7 31. Kf1 Kf7 32. Ke2 e6 33. dxe6+ Kxe6 34. Kd3 Nd7 35. h5 f5 36. f3 fxe4+ 37. fxe4 Ne5+ 38. Kc2 Rf7 39. hxg6 Rf2+ 40. Kb3 hxg6 41. Ra8 Rf3 42. Rg8 Rxg3 43. Kc2 Rg2+ 44. Kb3 Rg3 45. Kc2 Nc6 46. Re8+ Kf7 47. Rc8 Ne7 48. Rc7 Ke6 49. Kd2 g5 50. Ke2 g4 51. Ra7 Rf3 52. Ra1 Ng6 53. Rg1 Nf4+ 54. Kd1 g3 0-1

[Event "Oberliga Nord W 1617"]
[Site "Germany"]
[Date "2017.02.05"]
[Round "5.3"]
[White "Kaimer, Thomas"]
[Black "Mueer, Sebastian"]
[Result "1-0"]
[WhiteElo "2185"]
[BlackElo "2239"]
[PlyCount "81"]
[EventDate "2016.10.16"]
[EventType "team-tourn"]
[EventRounds "9"]
[EventCountry "GER"]
[SourceTitle "EXT 2018"]
[Source "ChessBase"]
[SourceDate "2017.10.13"]
[SourceVersion "1"]
[SourceVersionDate "2017.10.13"]
[SourceQuality "1"]
[WhiteTeam "Hannover SF"]
[BlackTeam "Oldenburg Union"]
[WhiteTeamCountry "GER"]
[BlackTeamCountry "GER"]

1. e4 c5 2. Nf3 d6 3. d4 cxd4 4. Nxd4 Nf6 5. Nc3 g6 6. Bc4 Bg7 7. 0-0 0-0 8. Re1 Bg4 9. f3 Bd7 10. Be3 Nc6 11. Qd2 Rc8 12. Nxc6 bxc6 13. Rad1 Qc7 14. Qf2 Be6 15. Be2 Rb8 16. e5 dxe5 17. b3 Nd5 18. Nxd5 cxd5 19. c4 d4 20. Bc1 Qc5 21. Bd3 f5 22. Qc2 Bd7 23. Bd2 a5 24. Rb1 Rb6 25. Qc1 Be6 26. a3 e4 27. b4 Qe5 28. Bf4 Qf6 29. Bg5 Qf7 30. b5 h6 31. c5 hxg5 32. cxb6 Bd5 33. fxe4 fxe4 34. Bxe4 d3 35. Qe3 Bxe4 36. Qxe4 d2 37. Red1 Qf2+ 38. Kh1 Kh7 39. b7 Rf4 40. Qe6 Rh4 41. b8Q 1-0

[Event "Oberliga Nord W 1617"]
[Site "Germany"]
[Date "2016.11.20"]
[Round "2.3"]
[White "Kardoeus, David"]
[Black "Kaimer, Thomas"]
[Result "1/2-1/2"]
[WhiteElo "2173"]
[BlackElo "2185"]
[PlyCount "141"]
[EventDate "2016.10.16"]
[EventType "team-tourn"]
[EventRounds "9"]
[EventCountry "GER"]
[SourceTitle "EXT 2018"]
[Source "ChessBase"]
[SourceDate "2017.10.13"]
[SourceVersion "1"]
[SourceVersionDate "2017.10.13"]
[SourceQuality "1"]
[WhiteTeam "Werder Bremen"]
[BlackTeam "Hannover SF"]
[WhiteTeamCountry "GER"]
[BlackTeamCountry "GER"]

1. e4 d6 2. d4 g6 3. Nc3 Bg7 4. f4 a6 5. Nf3 b5 6. a4 b4 7. Nd5 a5 8. c3 e6 9. Ne3 Ba6 10. cxb4 Bxf1 11. Rxf1 axb4 12. Qd3 Nd7 13. b3 Ne7 14. Kf2 0-0 15. Bb2 Qb8 16. Rab1 Qb7 17. Kg1 Nf6 18. Nd2 Rfd8 19. d5 exd5 20. Bxf6 Bxf6 21. exd5 Qa7 22. Kh1 Qd4 23. Qxd4 Bxd4 24. Ndc4 Bxe3 25. Nxe3 Ra5 26. Rfd1 Re8 27. Kg1 Nc8 28. Kf2 Nb6 29. Rbc1 Re7 30. Rd4 Rc5 31. Re1 Rc3 32. Rxb4 Rexe3 33. Rxe3 Rxe3 34. Rxb6 Rd3 35. Rb5 Rd2+ 36. Kf3 Kf8 37. b4 Ra2 38. a5 Ke7 39. Rb8 Kd7 40. h3 h5 41. Ke3 Rxg2 42. Kd4 Rc2 43. Kd3 Rh2 44. Kc4 Rxh3 45. Kb5 Ra3 46. Rf8 Ke7 47. Rc8 Kd7 48. Rf8 Ke7 49. Rc8 Kd7 50. Rh8 Rd3 51. a6 Ra3 52. f5 Ke7 53. fxg6 fxg6 54. Kc6 Rxa6+ 55. Kxc7 Ra4 56. Rg8 Rxb4 57. Rxg6 Rc4+ 58. Kb6 h4 59. Re6+ Kd7 60. Rh6 Rb4+ 61. Ka5 Rd4 62. Rh7+ Ke8 63. Kb6 Rxd5 64. Rxh4 Kd7 65. Rh7+ Ke6 66. Rh6+ Ke5 67. Rh5+ Kd4 68. Rh4+ Kc3 69. Kc6 Rd3 70. Rh5 Rd4 71. Rd5 1/2-1/2

[Event "Oberliga Nord W 1314"]
[Site "Germany"]
[Date "2014.01.19"]
[Round "5.3"]
[White "Zeitlein, Michael"]
[Black "Kaimer, Thomas"]
[Result "1-0"]
[WhiteElo "2385"]
[BlackElo "2198"]
[PlyCount "127"]
[EventDate "2013.10.13"]
[EventType "team-tourn"]
[EventRounds "9"]
[EventCountry "GER"]
[SourceTitle "EXT 2015"]
[Source "ChessBase"]
[SourceDate "2014.11.20"]
[SourceVersion "1"]
[SourceVersionDate "2014.11.20"]
[SourceQuality "1"]
[WhiteTeam "Bremer SG"]
[BlackTeam "Hannover SF"]
[WhiteTeamCountry "GER"]
[BlackTeamCountry "GER"]

1. e4 d6 2. d4 Nf6 3. Nc3 g6 4. Nf3 Bg7 5. Be2 0-0 6. 0-0 Nc6 7. d5 Nb8 8. Bg5 h6 9. Bh4 e5 10. Nd2 Nbd7 11. Kh1 Re8 12. b4 Nf8 13. a4 g5 14. Bg3 Ng6 15. a5 Nf4 16. Bb5 Rf8 17. a6 h5 18. axb7 Bxb7 19. f3 a6 20. Ba4 a5 21. bxa5 Rxa5 22. Nc4 Ra8 23. Ne3 Bc8 24. Qd2 Bh6 25. Bc6 Rb8 26. Rfb1 Rxb1+ 27. Rxb1 Kh7 28. Bb7 Ne8 29. Bxc8 Qxc8 30. Nf5 Ng7 31. Bxf4 gxf4 32. Nxg7 Bxg7 33. Qd3 Bf6 34. Kg1 Rg8 35. Kf1 Rg7 36. Nb5 Qg8 37. Qe2 Qb8 38. Qf2 Qd8 39. c4 Bh4 40. Qc2 Qd7 41. c5 dxc5 42. Qxc5 f5 43. Qc6 Qf7 44. Qe6 fxe4 45. Qxf7 Rxf7 46. fxe4 Bd8 47. Rc1 Kg6 48. Rc6+ Rf6 49. Rxf6+ Kxf6 50. Ke2 Kg5 51. Kf3 Kg6 52. Na7 Bf6 53. Nc6 Kg5 54. Nb4 Be7 55. Nd3 Bd6 56. Ke2 Kh4 57. Ne1 Kg5 58. Nf3+ Kf6 59. Kd3 Ke7 60. Kc4 Kf6 61. Kb5 Kg6 62. Kc6 Kf6 63. Kd7 Kg6 64. Ke6 1-0

[Event "Naujac op 15th"]
[Site "Naujac"]
[Date "2012.06.29"]
[Round "7"]
[White "Kaimer, Thomas"]
[Black "Capitaine, Adrien"]
[Result "1-0"]
[WhiteElo "2202"]
[BlackElo "2106"]
[PlyCount "35"]
[EventDate "2012.06.24"]
[EventType "swiss"]
[EventRounds "9"]
[EventCountry "FRA"]
[SourceTitle "CBM 149 Extra"]
[Source "ChessBase"]
[SourceDate "2012.08.24"]
[SourceVersion "1"]
[SourceVersionDate "2012.08.24"]
[SourceQuality "1"]

1. e4 e5 2. Nf3 f5 3. d4 fxe4 4. Nxe5 Nf6 5. Nc3 d6 6. Nc4 Be7 7. Be2 Bf5 8. 0-0 0-0 9. f3 d5 10. Ne5 c6 11. fxe4 Nxe4 12. Nxe4 Bxe4 13. Bg4 Qd6 14. Rxf8+ Bxf8 15. Bc8 Qe7 16. Qg4 Na6 17. Bg5 Qe8 18. Be6+ 1-0

[Event "Naujac op 15th"]
[Site "Naujac"]
[Date "2012.06.25"]
[Round "2"]
[White "Faugerolle, Nicolas"]
[Black "Kaimer, Thomas"]
[Result "0-1"]
[WhiteElo "1827"]
[BlackElo "2202"]
[PlyCount "122"]
[EventDate "2012.06.24"]
[EventType "swiss"]
[EventRounds "9"]
[EventCountry "FRA"]
[SourceTitle "CBM 149 Extra"]
[Source "ChessBase"]
[SourceDate "2012.08.24"]
[SourceVersion "1"]
[SourceVersionDate "2012.08.24"]
[SourceQuality "1"]

1. d4 Nf6 2. Nf3 c5 3. e3 g6 4. b3 Bg7 5. Bb2 0-0 6. Nbd2 cxd4 7. exd4 Nc6 8. Bd3 Nb4 9. Be2 d6 10. a3 Nbd5 11. 0-0 Nf4 12. Re1 Nxe2+ 13. Qxe2 Re8 14. c4 Bf5 15. Rac1 Bh6 16. Rc3 Rc8 17. Nh4 Bg4 18. f3 Bd7 19. g4 Qb6 20. Rd3 Qa5 21. Ng2 Qb6 22. h3 Bg7 23. Kh2 d5 24. Ne3 Bh6 25. h4 Bf4+ 26. Kh1 Bc6 27. Ndf1 Qd8 28. Ng2 Bb8 29. Nd2 Qd6 30. Nf1 b6 31. Qd2 Bb7 32. Rc1 Rc7 33. Qe2 Rec8 34. Nge3 Ba6 35. Rd2 Qf4 36. Rdc2 Qd6 37. Qf2 Qd7 38. Nd2 Bb7 39. Kg1 Qe6 40. Qe2 Qd6 41. Qf2 Nd7 42. Nef1 Nf8 43. Qe2 Ne6 44. b4 dxc4 45. Nxc4 Qd5 46. Ne5 Nxd4 47. Bxd4 Qxd4+ 48. Kg2 Rxc2 49. Rxc2 Rxc2 50. Qxc2 Bxe5 51. Nd2 Qxg4+ 52. Kf1 Ba6+ 53. Kf2 Bd4+ 54. Ke1 Qg1+ 55. Nf1 Qxf1+ 56. Kd2 Qe2+ 57. Kc1 Qe1+ 58. Qd1 Bb2+ 59. Kc2 Qc3+ 60. Kb1 Bd3+ 61. Ka2 Qxa3# 0-1

[Event "Naujac op 15th"]
[Site "Naujac"]
[Date "2012.06.24"]
[Round "1"]
[White "Kaimer, Thomas"]
[Black "Demuth, Adrien"]
[Result "0-1"]
[WhiteElo "2202"]
[BlackElo "2423"]
[PlyCount "78"]
[EventDate "2012.06.24"]
[EventType "swiss"]
[EventRounds "9"]
[EventCountry "FRA"]
[SourceTitle "CBM 149 Extra"]
[Source "ChessBase"]
[SourceDate "2012.08.24"]
[SourceVersion "1"]
[SourceVersionDate "2012.08.24"]
[SourceQuality "1"]

1. e4 c5 2. Nf3 Nc6 3. Nc3 d6 4. d4 cxd4 5. Nxd4 Nf6 6. Bc4 Qb6 7. Ndb5 a6 8. Be3 Qa5 9. Nd4 e6 10. 0-0 Qc7 11. Bb3 b5 12. f4 Na5 13. f5 e5 14. Nde2 Bb7 15. Nd5 Nxd5 16. Bxd5 Nc4 17. Bxc4 Qxc4 18. Ng3 Bxe4 19. c3 Bb7 20. a4 h5 21. f6 g6 22. axb5 axb5 23. Rxa8+ Bxa8 24. h3 h4 25. Nh1 Kd7 26. Qd2 Qe4 27. Kh2 Rh5 28. Ra1 Bc6 29. Rf1 Rf5 30. Rxf5 gxf5 31. Bg5 Ke6 32. Qf2 f4 33. Bxh4 Bh6 34. b4 Bd5 35. Qf1 f3 36. g4 Bf4+ 37. Ng3 Qe2+ 38. Kg1 Be3+ 39. Kh1 Qg2+ 0-1

[Event "Oberliga Nord W 0607"]
[Site "Germany"]
[Date "2007.02.04"]
[Round "5.6"]
[White "Kaimer, Thomas"]
[Black "Kiese, Matthias"]
[Result "0-1"]
[WhiteElo "2212"]
[BlackElo "2260"]
[PlyCount "50"]
[EventDate "2006.10.15"]
[EventType "team-tourn"]
[EventRounds "9"]
[EventCountry "GER"]
[SourceTitle "EXT 2008"]
[Source "ChessBase"]
[SourceDate "2007.11.25"]
[SourceVersion "1"]
[SourceVersionDate "2007.11.25"]
[SourceQuality "1"]
[WhiteTeam "Hannover SF"]
[BlackTeam "Hannover Post"]
[WhiteTeamCountry "GER"]
[BlackTeamCountry "GER"]

1. e4 c5 2. Nf3 d6 3. Nc3 Nf6 4. d4 cxd4 5. Nxd4 a6 6. Bc4 e6 7. Bb3 b5 8. f4 Bb7 9. 0-0 Nbd7 10. Be3 b4 11. Na4 Nxe4 12. f5 e5 13. Qh5 Qe7 14. Ne6 Ndf6 15. Nb6 Bc6 16. Qe2 fxe6 17. Nxa8 Bxa8 18. Ba4+ Kf7 19. fxe6+ Qxe6 20. Qxa6 Be7 21. Rad1 d5 22. Qa7 d4 23. Bxd4 exd4 24. Rxd4 Kg6 25. c3 Bc5 0-1

[Event "Politiken Cup 26th"]
[Site "Copenhagen"]
[Date "2004.07.30"]
[Round "8"]
[White "Kaimer, Thomas"]
[Black "Hjelm, Niclas"]
[Result "0-1"]
[WhiteElo "2237"]
[BlackElo "2339"]
[PlyCount "82"]
[EventDate "2004.07.24"]
[EventType "swiss"]
[EventRounds "10"]
[EventCountry "DEN"]
[SourceTitle "CBM 101 Extra"]
[Source "ChessBase"]
[SourceDate "2004.09.01"]
[SourceVersion "2"]
[SourceVersionDate "2004.09.01"]
[SourceQuality "1"]

1. e4 d5 2. exd5 Qxd5 3. Nc3 Qd6 4. d4 c6 5. Nf3 Bg4 6. h3 Bxf3 7. Qxf3 e6 8. Bf4 Qd8 9. 0-0-0 Nf6 10. g4 Be7 11. Bd3 Nd5 12. Nxd5 Qxd5 13. Qg3 Nd7 14. Kb1 Nb6 15. Rhe1 0-0-0 16. c3 Bd6 17. Be5 Bxe5 18. Rxe5 Qd6 19. f4 Nd7 20. Re3 c5 21. dxc5 Nxc5 22. Bc2 Qc7 23. Rxd8+ Rxd8 24. Qf2 g6 25. Re2 b6 26. Rd2 Rd6 27. Rxd6 Qxd6 28. Qe3 Kc7 29. b4 Nd7 30. a3 a5 31. bxa5 Qxa3 32. axb6+ Nxb6 33. Qe5+ Qd6 34. Qe3 Qd5 35. Qd3 Qxd3 36. Bxd3 Nd5 37. f5 Nxc3+ 38. Kc2 Nd5 39. fxg6 hxg6 40. Be4 Kd6 41. Bf3 g5 0-1

[Event "Politiken Cup 26th"]
[Site "Copenhagen"]
[Date "2004.07.28"]
[Round "6"]
[White "Kaimer, Thomas"]
[Black "Taylor Bowd, Philip J"]
[Result "1-0"]
[WhiteElo "2237"]
[BlackElo "2075"]
[PlyCount "39"]
[EventDate "2004.07.24"]
[EventType "swiss"]
[EventRounds "10"]
[EventCountry "DEN"]
[SourceTitle "CBM 101 Extra"]
[Source "ChessBase"]
[SourceDate "2004.09.01"]
[SourceVersion "2"]
[SourceVersionDate "2004.09.01"]
[SourceQuality "1"]

1. e4 c6 2. d4 d5 3. e5 c5 4. c4 cxd4 5. Nf3 Nc6 6. Nxd4 Nxe5 7. cxd5 Nf6 8. Nc3 a6 9. Qa4+ Bd7 10. Qb3 Qc8 11. Bd2 b5 12. Rc1 Qb7 13. Bf4 Ng6 14. Ncxb5 axb5 15. Nxb5 Bxb5 16. Bxb5+ Kd8 17. Bc7+ Kc8 18. Bb6+ Kb8 19. Bc6 Qa6 20. Bd4+ 1-0

[Event "Liechtenstein op 22nd"]
[Site "Triesen"]
[Date "2004.05.21"]
[Round "8"]
[White "Kaimer, Thomas"]
[Black "Kveinys, Aloyzas"]
[Result "0-1"]
[WhiteElo "2251"]
[BlackElo "2550"]
[PlyCount "80"]
[EventDate "2004.05.14"]
[EventType "swiss"]
[EventRounds "9"]
[EventCountry "LIE"]
[SourceTitle "CBM 100 Extra"]
[Source "ChessBase"]
[SourceDate "2004.07.06"]
[SourceVersion "2"]
[SourceVersionDate "2004.07.06"]
[SourceQuality "1"]

1. e4 Nf6 2. e5 Nd5 3. c4 Nb6 4. d4 d6 5. exd6 cxd6 6. Nc3 g6 7. Be3 Bg7 8. Rc1 0-0 9. h3 Nc6 10. Nf3 e5 11. dxe5 dxe5 12. c5 Nd7 13. Bc4 Na5 14. Be2 Nb8 15. 0-0 Nbc6 16. Qa4 Nd4 17. b4 Nac6 18. b5 Nxe2+ 19. Nxe2 Ne7 20. Rfd1 Qc7 21. c6 b6 22. Bd2 Nf5 23. g4 Nd4 24. Nfxd4 exd4 25. Bf4 Qe7 26. Nxd4 h5 27. Nf3 hxg4 28. hxg4 Bxg4 29. Bd6 Qe6 30. Qf4 Bh6 31. Qxh6 Bxf3 32. Rd4 Rfd8 33. c7 Rxd6 34. c8Q+ Rxc8 35. Rxc8+ Qxc8 36. Rxd6 Qg4+ 37. Kf1 Qg2+ 38. Ke1 Qg1+ 39. Kd2 Qxf2+ 40. Kd3 Be2+ 0-1

[Event "Liechtenstein op 22nd"]
[Site "Triesen"]
[Date "2004.05.19"]
[Round "6"]
[White "Kaimer, Thomas"]
[Black "Hicker, Harald"]
[Result "1-0"]
[WhiteElo "2251"]
[BlackElo "2113"]
[PlyCount "67"]
[EventDate "2004.05.14"]
[EventType "swiss"]
[EventRounds "9"]
[EventCountry "LIE"]
[SourceTitle "CBM 100 Extra"]
[Source "ChessBase"]
[SourceDate "2004.07.06"]
[SourceVersion "2"]
[SourceVersionDate "2004.07.06"]
[SourceQuality "1"]

1. e4 e5 2. Nf3 Nc6 3. d4 exd4 4. c3 d3 5. Bxd3 d6 6. h3 Nf6 7. 0-0 Be7 8. Nbd2 0-0 9. Nd4 Ne5 10. Bc2 c5 11. Ne2 b5 12. f4 Nc6 13. Ng3 a6 14. Nf3 Qc7 15. Qe2 g6 16. Bd2 Re8 17. Rae1 Bf8 18. Qf2 Bb7 19. e5 Nd7 20. Ng5 dxe5 21. f5 Re7 22. N3e4 Nd8 23. f6 Re8 24. Nxh7 Kxh7 25. Qh4+ Kg8 26. Ng5 Nxf6 27. Rxf6 Bg7 28. Qh7+ Kf8 29. Rxg6 fxg6 30. Rf1+ Nf7 31. Nxf7 Qxf7 32. Rxf7+ Kxf7 33. Bxg6+ Kf8 34. Bh6 1-0

[Event "Liechtenstein op 22nd"]
[Site "Triesen"]
[Date "2004.05.18"]
[Round "5"]
[White "Mack, Thomas"]
[Black "Kaimer, Thomas"]
[Result "1/2-1/2"]
[WhiteElo "2091"]
[BlackElo "2251"]
[PlyCount "33"]
[EventDate "2004.05.14"]
[EventType "swiss"]
[EventRounds "9"]
[EventCountry "LIE"]
[SourceTitle "CBM 100 Extra"]
[Source "ChessBase"]
[SourceDate "2004.07.06"]
[SourceVersion "2"]
[SourceVersionDate "2004.07.06"]
[SourceQuality "1"]

1. e4 c5 2. Nf3 e6 3. d4 cxd4 4. Nxd4 Nf6 5. Nc3 Nc6 6. g3 Bb4 7. Bg2 0-0 8. 0-0 a6 9. Nxc6 bxc6 10. e5 Nd5 11. Ne4 f5 12. Nd6 a5 13. c4 Ne7 14. Be3 Ba6 15. Qd4 Bxd6 16. exd6 Ng6 17. f4 1/2-1/2

[Event "Oberliga Nord W 0203"]
[Site "Germany"]
[Date "2003.01.12"]
[Round "4.4"]
[White "Kaimer, Thomas"]
[Black "Van Linde, Paul"]
[Result "1-0"]
[WhiteElo "2261"]
[BlackElo "2156"]
[PlyCount "87"]
[EventDate "2002.10.20"]
[EventType "team"]
[EventRounds "9"]
[EventCountry "GER"]
[SourceTitle "EXT 2004"]
[Source "ChessBase"]
[SourceDate "2003.11.25"]
[SourceVersion "1"]
[SourceVersionDate "2003.11.25"]
[SourceQuality "1"]
[WhiteTeam "Hannover SF"]
[BlackTeam "Jever"]
[WhiteTeamCountry "GER"]
[BlackTeamCountry "GER"]

1. e4 c5 2. Nf3 Nc6 3. Nc3 Nf6 4. e5 Ng4 5. Qe2 Qc7 6. d4 cxd4 7. Nb5 Qb8 8. Bf4 f6 9. Bg3 Ngxe5 10. 0-0-0 e6 11. Nxe5 Nxe5 12. Nxd4 a6 13. Nf3 d6 14. Nd4 Kf7 15. f4 Nc6 16. f5 Nxd4 17. Qh5+ g6 18. fxg6+ Kg7 19. Rxd4 hxg6 20. Qf3 e5 21. Rh4 Rxh4 22. Bxh4 Be7 23. Bc4 b5 24. Rf1 f5 25. Bxe7 bxc4 26. Bxd6 Qb5 27. Bxe5+ Qxe5 28. Qxa8 c3 29. Qa7+ Kh6 30. Qb6 Bd7 31. bxc3 Bb5 32. Rd1 Qxc3 33. Qd4 Qa3+ 34. Kb1 Qe7 35. h4 Be2 36. Qh8+ Qh7 37. Qxh7+ Kxh7 38. Rd2 Bb5 39. Rd4 Kh6 40. a4 Bf1 41. g3 Kh5 42. a5 g5 43. hxg5 Kxg5 44. c3 1-0

[Event "Oberliga Nord W 0203"]
[Site "Germany"]
[Date "2002.10.20"]
[Round "1.4"]
[White "Schneider, Ilja"]
[Black "Kaimer, Thomas"]
[Result "1/2-1/2"]
[WhiteElo "2217"]
[BlackElo "2243"]
[PlyCount "82"]
[EventDate "2002.10.20"]
[EventType "team"]
[EventRounds "9"]
[EventCountry "GER"]
[SourceTitle "EXT 2004"]
[Source "ChessBase"]
[SourceDate "2003.11.25"]
[SourceVersion "1"]
[SourceVersionDate "2003.11.25"]
[SourceQuality "1"]
[WhiteTeam "Hannover Post"]
[BlackTeam "Hannover SF"]
[WhiteTeamCountry "GER"]
[BlackTeamCountry "GER"]

1. e4 c6 2. d4 d5 3. exd5 cxd5 4. Bd3 Nc6 5. c3 Qc7 6. Ne2 e6 7. Bf4 Bd6 8. Bxd6 Qxd6 9. Nd2 Nf6 10. Ng3 0-0 11. 0-0 Qf4 12. Nf3 Rb8 13. Qe2 Bd7 14. Ne5 Nxe5 15. dxe5 Ng4 16. h3 Nh6 17. Nh5 Qh4 18. Kh2 Kh8 19. g3 Qe7 20. Qe3 Ng8 21. Rae1 b6 22. Qd4 Rbc8 23. h4 f5 24. exf6 Nxf6 25. Nxf6 Qxf6 26. Re5 Be8 27. Qe3 Bf7 28. Re1 Bg8 29. Kg1 Qf3 30. Bf1 Qxe3 31. R1xe3 Rf6 32. Bh3 Rc6 33. g4 Rf4 34. g5 Rxh4 35. Bxe6 Bxe6 36. Rxe6 Rxe6 37. Rxe6 Kg8 38. Re8+ Kf7 39. Ra8 Ra4 40. a3 Kg6 41. Rd8 Kxg5 1/2-1/2

[Event "Pardubice Czech op"]
[Site "Pardubice"]
[Date "2002.07.19"]
[Round "1"]
[White "Brynell, Stellan"]
[Black "Kaimer, Thomas"]
[Result "1-0"]
[WhiteElo "2508"]
[BlackElo "2261"]
[PlyCount "61"]
[EventDate "2002.07.19"]
[EventType "swiss"]
[EventRounds "9"]
[EventCountry "CZE"]
[SourceTitle "CBM 089 Extra"]
[Source "ChessBase"]
[SourceDate "2002.09.10"]
[SourceVersion "2"]
[SourceVersionDate "2002.09.10"]
[SourceQuality "1"]

1. e4 c5 2. Nf3 e6 3. c3 Nf6 4. e5 Nd5 5. d4 cxd4 6. cxd4 b6 7. Bd3 Ba6 8. 0-0 Bxd3 9. Qxd3 Be7 10. Nc3 Nxc3 11. bxc3 0-0 12. d5 exd5 13. Qxd5 Nc6 14. Rd1 Qb8 15. Bf4 Rd8 16. Qe4 Qc8 17. Rd3 Qa6 18. Bg5 Rac8 19. h4 b5 20. Rad1 Qxa2 21. Bxe7 Nxe7 22. Ng5 g6 23. Rxd7 Rxd7 24. Rxd7 h6 25. Rxe7 hxg5 26. e6 Rf8 27. exf7+ Rxf7 28. Re8+ Kh7 29. Qd4 Rg7 30. hxg5 Qa4 31. Qd8 1-0